000 00349nam a2200145Ia 4500
005 20251222154402.0
008 251222s9999||||xx |||||||||||||| ||spa||
020 _a978848383895
082 _a823.914/C76
100 _aConnolly, John
245 0 _aLa Ira de los Ángeles
250 _a2da. ed.
264 _bTusquest Editores, S.A.
942 _cLIB
999 _c35338
_d35338